Statystyki dla Goście "Lekko Nie Będzie"

Kliknij tutaj aby rozwiązać quiz!

Ogólne statystyki

  • Ten quiz został rozwiązany 10 733 razy
  • Średni wynik to 26 z 55

Statystyki odpowiedzi

Odpowiedź% Poprawnych
Gimper
85%
Mandzio
82%
Mniej Więcej
82%
Friz
79%
izak LIVE
68%
Kamerzysta
67%
Lord Kruszwil
67%
Remigiusz Maciaszek
63%
AbstrachujeTV
62%
Stuu
62%
Cezary Pazura
61%
Mamiko
61%
ROJSON
60%
TRENUJ Z KRZYCHEM
59%
GargamelVlog
54%
THEUNBOXALL
54%
Popek
53%
reZigiusz
53%
Naruciak
51%
Red Lipstick Monster
51%
FIT LOVERS
50%
MULTI
49%
WarszawskiKoks
49%
BEKSY
48%
DisStream
46%
Borys Szyc
43%
Dominik Łupicki
43%
Poszukiwacz
43%
Epic Cheat Meal
42%
Bladii
41%
Dla Pieniędzy
41%
7 metrów pod ziemią
40%
Tomasz Kammel
40%
czuuX
39%
Maciej Orłoś
38%
SA Wardega
38%
Z Dvpy
38%
Krzysztof Gonciarz
37%
JDabrowsky
36%
Magda Bereda
36%
Weronika Truszczynska
36%
G.F. Darwin
34%
Historia bez cenzury
34%
Generator Frajdy
33%
Lotek
33%
KaeN
32%
mietczynski
32%
Macademian Girl
30%
Martin Stankiewicz
30%
Życie na Wózku
30%
Anna Szlęzak
27%
Kuba Klawiter
27%
Sylwia Przybysz
27%
Michu
26%
Jerzy Mielewski
21%

Rozkład punktacji

Percentyl według liczby udzielonych odpowiedzi

Procent ludzi z każdym wynikiem

Twoja historia wyników

Nie rozwiązałeś tego quizu